Un viaje a Narnia

Saved in:
Bibliografiske detaljer
Hovedforfatter: Mafud Haye, Consuelo (autora)
Format: Bog
Sprog:spansk
Udgivet: Valparaíso Ediciones Facultad de Humanidades Universidad de Playa Ancha 2007
Udgivelse:1a. ed
Fag:
Tags: Tilføj Tag
Ingen Tags, Vær først til at tagge denne postø!

MARC

LEADER 00000nam a2200000 a 4500
001 UCI3190
003 CL-VaPUC
005 20210921074535.0
008 071019e20070000CL |||||||||||||||||spa|d
999 |c 327561  |d 327559 
020 |a 9789562960632 
040 |c Pontificia Universidad Católica de Valparaíso 
082 0 4 |a Ir823.909  |b MAF  |2 21 
100 |a Mafud Haye, Consuelo  |e autora  |9 782622 
245 1 3 |a Un viaje a Narnia 
250 |a 1a. ed 
260 |a Valparaíso  |b Ediciones Facultad de Humanidades Universidad de Playa Ancha  |c 2007 
300 |a 221 p 
583 |a last modification  |c 20071019 00:00:00  |k Rodrigo Vera 
600 |a Lewis, C. S  |d 1898-1963  |9 860629 
650 7 |a NOVELA IRLANDESA  |2 CL-VaPUC  |9 326324 
650 0 |a Crítica e interpretación   |9 255042 
650 0 |a Crítica literaria   |9 269189 
650 0 |a Historia y crítica   |9 257407 
942 |c BK  |2 ddc 
945 |d 20071019 00:00:00  |a rbrito 
952 |0 0  |1 0  |4 0  |6 IR_823_909000000000000_MAF_2007  |7 0  |8 A  |9 410532  |a BIBEDU  |b BIBEDU  |d 2019-11-22  |i 4381947  |o Ir823.909 MAF 2007  |p 4381947  |r 2019-11-22  |w 2019-11-22  |y BK  |k LIT